000 00652nam a2200277Ia 4500
005 20260324112438.0
008 008 260324s9999 xx 000 0 eng d
020 _a9781003399902
037 _aEBOOK
040 _aCRL
040 _beng
040 _cCRL
041 _2eng
041 _aeng
084 _qCRL
100 _aKatherine Marshall Woods
_91142723
245 0 _aBlack Film Through a Psychodynamic Lens
260 _bTaylor and Francis
260 _c2024
365 _a
365 _b205
856 _uhttp://www.taylorfrancis.com/books/9781003399902
942 _cEBOOK
999 _c1731932
_d1731932